000 00915nam a2200289 a 4500
001 76807
003 BD-RjUL
005 20211209082906.0
008 200120s1911 enk 00010 eng
035 _a(BD-RjUL)
035 _a705600
040 _aANL
_beng
_dANL
_cBD-RjUL
041 _aeng
082 0 0 _219
_a822.912
_bHEA 1911
100 1 _aHewlett, Maurice,
_d1861-1923.
_9237973
245 1 4 _aThe agonists :
_ba trilogy of God and man /
_cby Maurice Hewlett.
260 _aLondon :
_bMacmillan,
_c1911.
300 _axiii, 235 p. ;
_c20 cm.
505 0 _aMinos, King of Crete.--Ariadne in Naxos.--The death of Hippolytus.
600 0 0 _aAriadne
_c(Greek mythological character)
_9237974
650 0 _aMinos (Legendary character)
_xPoetry.
_9237975
650 0 _aHippolytus (Greek mythology)
_xPoetry.
_9237976
942 _2ddc
_cBK
999 _c76807
_d76807